Medien und Protagonisten im Kulturaustausch zwischen der Habsburgermonarchie und dem Osmanischen Reich
| Titel: | Medien und Protagonisten im Kulturaustausch zwischen der Habsburgermonarchie und dem Osmanischen Reich |
|---|---|
| Verfasser: | |
| In: |
Das Bild des Feindes, (2013), Seite 253-266 alle Artikel anzeigen |
| Veröffentlicht: | 2013 |
| Format: | Aufsatz |
| Sprache: | Deutsch |
X
alg: 39277506 001A $01999:11-11-16 001B $01999:21-05-21 $t16:55:46.000 001D $01999:11-11-16 001U $0utf8 001X $00 002@ $0Aox 003@ $0392775069 007A $0392775069 $aHEB 007T $0Herdc0102220m 010@ $ager 011@ $a2013 021A $aMedien und Protagonisten im Kulturaustausch zwischen der Habsburgermonarchie und dem Osmanischen Reich 028A $aBarbarics-Hermanik $dZsuzsa 031A $h253-266 $j2013 039B $aIn $8--Aau--. Das @Bild des Feindes. - Berlin : Mann, 2013. - 512 S.. - zahlr. Ill.. - ISBN 978-3-7861-2684-3 $x201300000000000747 $9320781607 045F $a306.09437 $eDDC23BSB 045F/01 $a306.09 045F/03 $g437 lok: 39277506 78 exp: 39277506 78 1 #EPN 201B/01 $019-04-17 $t11:33:42.000 201U/01 $0utf8 203@/01 $0788878077 208@/01 $a11-11-16 $be 209A/01 $a/ $f000 $x00 220C/01 $aTitelaufnehmer: pg 220C/01 $aHerkunft: HI Marburg 244Z/01 $2Trx $#Kesk- ja Ida- Euroopa kontseptsioonid $#Vidurio Europos koncepcijos $#East-Central Europe $#Keletközépeurópa-eszmék $#Europa Środkowo-Wschodnia koncepcje $#Európa stredovýchodná koncepcie $#Evropa střední, východní část koncepce $#Mitteleuropa $#Osteuropakonzeptionen $#Europa Środkowa koncepcje $#Stredná Európa koncepcie $#Střední Europa koncepce $8--Trx--Ostmitteleuropakonzeptionen $x01 $9391364286 244Z/01 $aGeschichte 1500-1750 $x02 244Z/01 $2Trx $#Habsburgeri monarhia $#Habsburgų monarchija $#Habsburgian monarchy $#Habsburgmonarchia $#monarchia habsburska $#Habsburská monarchia $#Habsburská monarchie $8--Trx--Habsburgermonarchie $x03 $9391359606 244Z/01 $2Trx $#suhted, kultuurilised $#santykiai, kultūriniai $#relationships, cultural $#kapcsolatok, kulturális $#stosunki kulturalne $#vzťahy kultúrne $#vztahy kulturní $#Kulturtransfer $8--Trx--Beziehungen, kulturelle $x04 $9391374184 244Z/01 $2Trx $#relations, Austrian-Ottoman $#stosunki austriacko-osmańskie $#vzťahy osmansko-rakúske $#vztahy osmansko-rakouské $#Beziehungen, habsburgisch-osmanische $#vztahy Habsburská monarchie-Osmanská říše $#vztahy habsbursko-osmanské $8--Trx--Beziehungen, osmanisch-österreichisch $x05 $9391380184 244Z/01 $2Trx $8--Trx--Einzelbeiträge $x06 $9391384570 245Z/01 $a11.01 $x01 247C/01 $82080>Marburg/Lahn, Herder-Institut, Forschungsbibliothek, Bibliographieportal $9336309341
| LEADER | 00000caa a22000002c 4500 | ||
|---|---|---|---|
| 001 | 392775069 | ||
| 003 | DE-603 | ||
| 005 | 20210521165546.0 | ||
| 007 | tu | ||
| 008 | 161111s2013 xx |||| | u00||u|ger c | ||
| 035 | |a (DE-599)HEB392775069 | ||
| 040 | |a DE-603 |b ger |c DE-603 |d DE-603 | ||
| 041 | |a ger | ||
| 082 | 0 | 4 | |8 1\u |a 306.09437 |q DE-101 |2 23/BSB |
| 085 | |8 1\u |b 306.09 | ||
| 085 | |8 1\u |z 2 |s 437 | ||
| 100 | 1 | |a Barbarics-Hermanik, Zsuzsa | |
| 245 | 0 | 0 | |a Medien und Protagonisten im Kulturaustausch zwischen der Habsburgermonarchie und dem Osmanischen Reich |
| 264 | 0 | |c 2013 | |
| 773 | 0 | 8 | |i In |t Das Bild des Feindes |d Berlin : Mann, 2013 |h 512 S., zahlr. Ill. |z 9783786126843 |z 3786126844 |g (2013), Seite 253-266 |w (DE-603)320781607 |
| 924 | 0 | |9 2080 |a (DE-603)788878077 |b DE-2080 |c HES |d d |g / | |


